Normal view
MARC view
- MS-ECO Thesis.
Entry Topical Term
001 - CONTROL NUMBER
- control field: 19238
003 - CONTROL NUMBER IDENTIFIER
- control field: NUST
005 - DATE AND TIME OF LATEST TRANSACTION
- control field: 20190809060357.0
008 - FIXED-LENGTH DATA ELEMENTS
- fixed length control field: 190809|| aca||aabn | a|a d
040 ## - CATALOGING SOURCE
- Original cataloging agency: NUST
- Transcribing agency: NUST
150 ## - HEADING--TOPICAL TERM
- Topical term or geographic name entry element: MS-ECO Thesis.
670 ## - SOURCE DATA FOUND
- Source citation: Work cat.: (NUST): Yousaf, Rizwana 4773, Impact of Social sector Investment on Trade-Off between Child Labour and Schooling:, 2012.
